000 00947nam1a22002651i 4500
001 v19\rc\1597736
005 20240723093327.0
035 _a(NLR Aleph) 004720777
090 _a4329409
_c4329409
100 _a20061002g18951905|||y0rusy50 ca
101 0 _arus
102 _aRU
105 _a z |||||
200 1 _aОтчет директора Старорусских минеральных вод... С.В. Тиличеева
210 _aСанкт-Петербург
_d1895-1905
215 _d23
300 _aС отчета за 1900 г. напеч. в Новгороде
702 1 _aТиличеев
_bС.В.
_f1850-
_gСергей Васильевич
_4220
710 0 2 _a"Старая Русса", курорт
_cдо 1917 г.
801 0 _aRU
_bNLR
_gpsbo
801 0 _aRU
_bRuMoRGB
_2psbo
801 1 _aRU
_bProSoft-M
_2rusmarc
852 _aNLR (1894-1904*)
_jШифры разные
899 _aRuMoRGB (1894)
_jA 214/220
942 _cBOOK